| 000 | 00528nam a2200193Ia 4500 | ||
|---|---|---|---|
| 003 | GCL | ||
| 008 | 140319s9999 xx 000 0 eng d | ||
| 040 |
_aGCL / _cGCL |
||
| 082 | 0 | 4 |
_aCH _b823 _bE T |
| 100 | 1 | _aELDRID, BRENDA MARTIN | |
| 245 | 1 | 0 |
_aTEDDY'S DAY IN THE FOREST / _cELDRID, BRENDA MARTIN |
| 700 | 1 | _aSATTERFIELD, LOUISE B | |
| 260 |
_a[S.N] : _bMC CLANAHAN BOOK COMPANY ، _c1993 |
||
| 650 | 0 | 4 | _aENGLISH LITERATURE |
| 650 | 0 | 4 | _aLITERATURE |
| 650 | 0 | 4 | _aENGLISH FICTION |
| 650 | 0 | 4 | _aFICTION |
| 942 |
_2ddc _cBK |
||
| 999 |
_c14825 _d14825 |
||